Rozvoj sociálneho modelu v súčasných podmienkach diplomová práca

Na minha lista:
Detalhes bibliográficos
Autor principal: Ivanovičová, Mária
Autor Corporativo: Národohospodárska fakulta EU. Katedra sociálneho rozvoja a práce
Outros Autores: Dudová, Iveta
Formato: Livro
Idioma:eslovaco
Publicado em: Bratislava 2011
Tags: Adicionar Tag
Sem tags, seja o primeiro a adicionar uma tag!

MARC

LEADER 00000nbm a2200000 4500
001 0130739
005 20161109101610.7
041 0 |a slo 
044 |a SK 
245 1 0 |a Rozvoj sociálneho modelu v súčasných podmienkach  |b diplomová práca  |c Mária Ivanovičová ; školiteľ: Iveta Dudová 
264 1 |a Bratislava  |c 2011 
300 |a 65 s. 
100 1 |a Ivanovičová, Mária 
700 1 |a Dudová, Iveta 
710 2 |a Národohospodárska fakulta EU. Katedra sociálneho rozvoja a práce